L'uomo che sapeva troppo : Alan Turing e l'invenzione del computer /

Uloženo v:
Podrobná bibliografie
Hlavní autor: Leavitt, David (Autor)
Další autoři: Sargian, Carolina
Médium: Kniha
Jazyk:italština
Vydáno: Torino : Codice, [2007]
Edice:Le grandi scoperte
Témata:
Tagy: Přidat tag
Žádné tagy, Buďte první, kdo vytvoří štítek k tomuto záznamu!

MARC

LEADER 00000nam a2200000 i 4500
001 IT\ICCU\TO0\1591115
003 ItRI
005 20260223140618.0
008 070403s2007 it |||||| ||||| |||||c
020 |a 9788875780692 
040 |b ita  |c ct 
041 7 |a ita  |2 ISO-639-2 
082 |a 510.92  |2 21 
100 1 |a Leavitt, David  |0 IT\ICCU\CFIV\008092  |4 aut 
240 1 4 |a The man who knew too much  |9 Leavitt, David 
245 1 2 |a L'uomo che sapeva troppo :  |b Alan Turing e l'invenzione del computer /  |c David Leavitt ; traduzione di Carolina Sargian. 
260 |a Torino :  |b Codice,  |c [2007] 
300 |a 247 p. :  |b ill. ;  |c 22 cm. 
650 7 |a Turing, Alan Mathison 
650 7 |a Elaboratori elettronici  |x Storia  |2 scbi 
700 1 |a Sargian, Carolina  |0 IT\ICCU\UBOV\005978 
830 3 |a Le grandi scoperte  |0 IT\ICCU\RAV\1254351 
942 |2 ddc  |c BK 
952 |0 0  |1 0  |2 ddc  |4 0  |6 B_LNR01LEADAUOM11  |7 0  |9 7780  |a MI  |b MI  |d 2013-02-04  |i 5453  |l 0  |o B-LNR01-LEADA-UOM11  |p CDOM5453  |r 2025-07-13 16:28:47  |w 2025-07-13  |x ACQUISTO  |y BK 
952 |0 0  |1 0  |4 0  |6 DOC_509_200000000000000_LEA  |7 0  |9 20956  |a BO  |b BO  |d 2026-01-15  |i 11239  |l 0  |o DOC 509.2 LEA  |p BO11239  |r 2026-01-15 23:21:42  |w 2026-01-15  |x [Sebina 5] [1 v.]  |y BK  |z 1 v. 
999 |c 6453  |d 6453